00467cam a22001572 4500001001100000005001700011008004100028040001500069050001600084110005700100245002100157250002300178260005500201300002000256650003300276000000115620151217161129.0070227s xx 000 0 eng d aKABUcKABU 0aG2535b.U332 aUganda.bDepartment of Lands and Survey.@000014970710aAtlas of Uganda. aScale 1:1,500,000. aKampala :bDepartment of Lands and Surveys,c1962. aAtlas (83 p.) ; 0aAtlases, Uganda.@0000149708